00635 a2200253 4500260001400000260001800014260001200032630006300044037001300107650002800120100002100148260001800169245006300187300001100250650002900261260000900290300000900299100000700308037001100315037001200326037001200338250001300350020001800363 aCambridge aMassachussets aLondres a62 - Ingenierie. Art de lingenieur. Technologie en general b3, Achat a6 - SCIENCES APPLIQUEES aARRAY(0x9fac560) bThe MIT Press aTechnology in America : a history of individuals and ideas a319 p. aTechnologie : Amérique c1990 b20cm lEn aS 4829 aDe 6609 aDe 6615 a2e éd. a0-262-66049-0